000 00496nam a2200205Ia 4500
003 OSt
005 20230415112652.0
008 210423s1987 xx 000 0 und d
020 _a0-446-35325-6
040 _cAL
041 _aeng
082 _a926
_223
_bTRUA
100 _aTRUMP (Donald J);SCHWARTZ (Tony)
_988798
245 _aArt of the deal
260 _aNew York
_bWarner Books
_c1987
300 _a372
_bPB
650 _aBiography
_988799
906 _aArt ; deal
942 _2ddc
_cBK
999 _c169990
_d169990